[Event "Winnipeg Tuesday Night op 6th"]
[Site "Winnipeg CAN"]
[Date "2000.06.13"]
[Round "2"]
[White "Remillard, John"]
[Black "Bays, Derek"]
[Result "1-0"]
[WhiteElo "1561"]
[BlackElo "1505"]
[PlyCount "83"]
[GameId "2160767911711709"]
[EventDate "2000.06.06"]
[EventType "swiss (rapid)"]
[EventRounds "4"]
[EventCountry "CAN"]
[SourceTitle "EXT 2005"]
[Source "ChessBase"]
[SourceDate "2004.11.15"]
[SourceVersion "1"]
[SourceVersionDate "2004.11.15"]
[SourceQuality "1"]

1. d4 Nf6 2. c4 e6 3. Nf3 Bb4+ 4. Bd2 Bxd2+ 5. Nbxd2 d5 6. e3 Nc6 7. cxd5 Nxd5 8. Bb5 Bd7 9. O-O O-O 10. a3 a6 11. Bd3 b5 12. Qc2 Nf6 13. Ne4 g6 14. Nfg5 Rc8 15. Nxf6+ Qxf6 16. Ne4 Qe7 17. Nc5 Nb8 18. Rfd1 Bc6 19. Be4 Bd5 20. Bxd5 exd5 21. a4 c6 22. axb5 cxb5 23. b4 Rc6 24. Rd3 Rfc8 25. Rda3 Qd6 26. Qd3 R8c7 27. g3 Nd7 28. Rxa6 Rxa6 29. Rxa6 Rc6 30. Ra8+ Nb8 31. Qxb5 Rb6 32. Qe8+ Kg7 33. b5 Qc7 34. Na4 Rb7 35. b6 Qc1+ 36. Kg2 Nd7 37. Ra7 Nf6 38. Qb5 Ne4 39. Qxd5 Qc2 40. Qe5+ Kh6 41. Qf4+ Kg7 42. Rxb7 1-0

[Event "Winnipeg Tuesday Night op 6th"]
[Site "Winnipeg CAN"]
[Date "2000.06.20"]
[Round "3"]
[White "Gibson, Kris"]
[Black "Milord, Frank"]
[Result "0-1"]
[WhiteElo "1860"]
[BlackElo "1778"]
[PlyCount "148"]
[GameId "2160767911711710"]
[EventDate "2000.06.06"]
[EventType "swiss (rapid)"]
[EventRounds "4"]
[EventCountry "CAN"]
[SourceTitle "EXT 2005"]
[Source "ChessBase"]
[SourceDate "2004.11.15"]
[SourceVersion "1"]
[SourceVersionDate "2004.11.15"]
[SourceQuality "1"]

1. e4 d6 2. Bc4 Nf6 3. b3 Nxe4 4. Bxf7+ Kxf7 5. Qh5+ g6 6. Qd5+ e6 7. Qxe4 Bg7 8. Nc3 Qf6 9. Bb2 Qf5 10. Qxf5+ exf5 11. O-O-O c6 12. Nf3 Re8 13. d4 Bd7 14. g4 fxg4 15. Ng5+ Kg8 16. Nce4 d5 17. Nd6 Bh6 18. h4 gxh3 19. Ndf7 Bxg5+ 20. Nxg5 Na6 21. Nxh3 Bf5 22. a3 Nc7 23. Ng1 Nb5 24. Rh2 Nd6 25. f3 Re3 26. a4 Rae8 27. Ba3 Nf7 28. Bb4 Kg7 29. Bd2 R3e6 30. b4 h6 31. f4 Bg4 32. Rf1 Be2 33. Rff2 Bg4 34. Rhg2 Bf5 35. Ne2 Nd6 36. Ng3 Kf6 37. Nxf5 Kxf5 38. Rf1 Nc4 39. Rh1 Nxd2 40. Kxd2 h5 41. Rhg1 Re4 42. Rg5+ Kxf4 43. Rxg6 Rxd4+ 44. Kc1 Rde4 45. Rf1+ Ke5 46. Rg5+ Kd6 47. Rf6+ R8e6 48. Rxe6+ Rxe6 49. Rxh5 a6 50. Rh3 Re4 51. c3 a5 52. Rh6+ Kc7 53. b5 Rxa4 54. bxc6 bxc6 55. Kb2 Rc4 56. Rh8 a4 57. Rg8 Kb6 58. Rg5 a3+ 59. Kxa3 Rxc3+ 60. Kb4 Rc4+ 61. Kb3 Re4 62. Rg3 Kc5 63. Kc3 Ra4 64. Rg6 Ra3+ 65. Kb2 Re3 66. Kc2 d4 67. Kd2 Kd5 68. Rg5+ Kc4 69. Ra5 Kb4 70. Rh5 Ra3 71. Rh1 c5 72. Rh8 Ra2+ 73. Kd1 Kc3 74. Rb8 Ra1+ 0-1

[Event "Winnipeg Tuesday Night op 6th"]
[Site "Winnipeg CAN"]
[Date "2000.06.20"]
[Round "3"]
[White "Xia, Yanchong"]
[Black "Boron, Anthony"]
[Result "1/2-1/2"]
[WhiteElo "1787"]
[BlackElo "1879"]
[PlyCount "57"]
[GameId "2160767911711711"]
[EventDate "2000.06.06"]
[EventType "swiss (rapid)"]
[EventRounds "4"]
[EventCountry "CAN"]
[SourceTitle "EXT 2005"]
[Source "ChessBase"]
[SourceDate "2004.11.15"]
[SourceVersion "1"]
[SourceVersionDate "2004.11.15"]
[SourceQuality "1"]

1. e4 c5 2. Nf3 Nc6 3. d4 cxd4 4. Nxd4 e6 5. Nc3 Bb4 6. Ndb5 a6 7. Nd6+ Ke7 8. Bf4 Qa5 9. Qd3 Ne5 10. Bxe5 Qxe5 11. Nc4 Bxc3+ 12. bxc3 Qc5 13. Qd4 Qxd4 14. cxd4 b5 15. Nd2 Nf6 16. Bd3 Bb7 17. O-O Rhc8 18. f3 d6 19. c4 Bc6 20. Rfc1 bxc4 21. Nxc4 Bb5 22. Nb2 Nd7 23. Kf2 Nb6 24. Ke3 d5 25. e5 h6 26. Kd2 Rab8 27. Rxc8 Rxc8 28. Rc1 Rxc1 29. Kxc1 1/2-1/2

[Event "Winnipeg Tuesday Night op 6th"]
[Site "Winnipeg CAN"]
[Date "2000.06.27"]
[Round "4"]
[White "Boron, Anthony"]
[Black "Trueman, Francis"]
[Result "1-0"]
[WhiteElo "1879"]
[BlackElo "1500"]
[PlyCount "43"]
[GameId "2160767911711712"]
[EventDate "2000.06.06"]
[EventType "swiss (rapid)"]
[EventRounds "4"]
[EventCountry "CAN"]
[SourceTitle "EXT 2005"]
[Source "ChessBase"]
[SourceDate "2004.11.15"]
[SourceVersion "1"]
[SourceVersionDate "2004.11.15"]
[SourceQuality "1"]

1. Nf3 c6 2. d4 d5 3. e3 Nf6 4. Bd3 Bg4 5. Nbd2 e6 6. O-O Bd6 7. c4 Qc7 8. h3 Bh5 9. Qc2 Nbd7 10. b3 e5 11. dxe5 Bxe5 12. Bb2 Bd6 13. Rac1 Nc5 14. Bxf6 gxf6 15. Bf5 Bg6 16. cxd5 Bxf5 17. Qxf5 Ke7 18. dxc6 bxc6 19. b4 Ne6 20. Ne4 Be5 21. Nxe5 fxe5 22. Qf6+ 1-0

[Event "Winnipeg Tuesday Night op 6th"]
[Site "Winnipeg CAN"]
[Date "2000.06.27"]
[Round "4"]
[White "Brandson, Doug"]
[Black "Xia, Yanchong"]
[Result "0-1"]
[WhiteElo "1559"]
[BlackElo "1787"]
[PlyCount "106"]
[GameId "2160767911711713"]
[EventDate "2000.06.06"]
[EventType "swiss (rapid)"]
[EventRounds "4"]
[EventCountry "CAN"]
[SourceTitle "EXT 2005"]
[Source "ChessBase"]
[SourceDate "2004.11.15"]
[SourceVersion "1"]
[SourceVersionDate "2004.11.15"]
[SourceQuality "1"]

1. d4 Nf6 2. c4 g6 3. Nc3 Bg7 4. e4 d6 5. Be2 O-O 6. Bg5 Nbd7 7. Qd2 e5 8. Nf3 c6 9. O-O Re8 10. Rad1 Qc7 11. Bh6 Bh8 12. Nh4 exd4 13. Qxd4 Nxe4 14. Qe3 Ndf6 15. Nxe4 Rxe4 16. Qg3 Rxe2 17. Qxd6 Qxd6 18. Rxd6 Be6 19. Rfd1 Nd7 20. Nf3 f5 21. Rxd7 Bxd7 22. Rxd7 Rae8 23. g3 R2e7 24. Rd2 Bf6 25. Kg2 Kf7 26. Ng5+ Bxg5 27. Bxg5 Rc7 28. Bd8 Rc8 29. Bg5 Ke6 30. c5 Rc7 31. Re2+ Kd7 32. Rd2+ Kc8 33. b4 Rd7 34. Rb2 Rd3 35. Bf4 Kd7 36. Bd6 Re1 37. b5 cxb5 38. Rxb5 Kc6 39. Rb2 b6 40. cxb6 axb6 41. Bf4 Rd7 42. Be3 b5 43. Rc2+ Kb7 44. a3 Rc7 45. Rxc7+ Kxc7 46. Bc5 Kc6 47. Bb4 Rb1 48. Kf3 Kd5 49. Ke3 Rxb4 50. axb4 Kc4 51. Kd2 Kxb4 52. Kc2 Ka3 53. Kb1 Kb3 0-1

[Event "Winnipeg Tuesday Night op 6th"]
[Site "Winnipeg CAN"]
[Date "2000.06.27"]
[Round "4"]
[White "Milord, Frank"]
[Black "Schulz, Waldemar"]
[Result "0-1"]
[WhiteElo "1778"]
[BlackElo "2027"]
[PlyCount "64"]
[GameId "2160767911711714"]
[EventDate "2000.06.06"]
[EventType "swiss (rapid)"]
[EventRounds "4"]
[EventCountry "CAN"]
[SourceTitle "EXT 2005"]
[Source "ChessBase"]
[SourceDate "2004.11.15"]
[SourceVersion "1"]
[SourceVersionDate "2004.11.15"]
[SourceQuality "1"]

1. d4 Nf6 2. c4 e6 3. Nc3 d5 4. Nf3 c6 5. e3 Nbd7 6. Bd3 Bd6 7. cxd5 exd5 8. O-O O-O 9. b3 Re8 10. Qc2 Qe7 11. Nd2 Nf8 12. Bb2 Ng4 13. Nf3 Bd7 14. e4 Bb4 15. exd5 Bxc3 16. Bxc3 cxd5 17. h3 Nf6 18. Rfe1 Qd6 19. Ne5 Be6 20. Qd2 Rec8 21. Bb4 Qd8 22. Rac1 Rxc1 23. Rxc1 Rc8 24. f4 Ne4 25. Bxe4 dxe4 26. Rxc8 Bxc8 27. Bxf8 Kxf8 28. Qb4+ Kg8 29. Qc5 b6 30. Qc4 Be6 31. Qc3 h6 32. Kf2 Qh4+ 0-1

[Event "Winnipeg Tuesday Night op 6th"]
[Site "Winnipeg CAN"]
[Date "2000.06.27"]
[Round "4"]
[White "Remillard, John"]
[Black "Gibson, Kris"]
[Result "0-1"]
[WhiteElo "1583"]
[BlackElo "1860"]
[PlyCount "42"]
[GameId "2160767911711715"]
[EventDate "2000.06.06"]
[EventType "swiss (rapid)"]
[EventRounds "4"]
[EventCountry "CAN"]
[SourceTitle "EXT 2005"]
[Source "ChessBase"]
[SourceDate "2004.11.15"]
[SourceVersion "1"]
[SourceVersionDate "2004.11.15"]
[SourceQuality "1"]

1. d4 Nf6 2. c4 e6 3. Bg5 b5 4. e4 b4 5. e5 h6 6. Bh4 g5 7. Bg3 Ne4 8. Bd3 Bb7 9. Bxe4 Bxe4 10. f3 Bb7 11. Ne2 d6 12. O-O Nc6 13. Qa4 Qd7 14. exd6 Bxd6 15. Bf2 g4 16. Nd2 h5 17. Qb5 O-O-O 18. a4 a6 19. Qg5 f5 20. fxg4 hxg4 21. Qe3 Bxh2+ 0-1

[Event "Winnipeg Tuesday Night op 7th"]
[Site "Winnipeg CAN"]
[Date "2000.07.04"]
[Round "1"]
[White "Bays, Derek"]
[Black "Hanrahan, Nigel"]
[Result "1-0"]
[WhiteElo "1485"]
[BlackElo "1710"]
[PlyCount "57"]
[GameId "2160767911703357"]
[EventDate "2000.07.04"]
[EventType "swiss (rapid)"]
[EventRounds "4"]
[EventCountry "CAN"]
[SourceTitle "EXT 2005"]
[Source "ChessBase"]
[SourceDate "2004.11.15"]
[SourceVersion "1"]
[SourceVersionDate "2004.11.15"]
[SourceQuality "1"]

1. c4 Nf6 2. Nf3 e6 3. Nc3 Bb4 4. d4 c5 5. Bd2 cxd4 6. Nxd4 Nc6 7. Nc2 Bc5 8. e3 O-O 9. Be2 d5 10. O-O d4 11. exd4 Nxd4 12. Nxd4 Bxd4 13. Qc2 e5 14. Rad1 Qe7 15. a3 Bd7 16. Bf3 Bc6 17. Bxc6 bxc6 18. Ne2 Bb6 19. b4 c5 20. Rfe1 Rfe8 21. Bc3 Qb7 22. Ng3 cxb4 23. Bxb4 Bd4 24. Nf5 Rad8 25. Bc3 Bxc3 26. Qxc3 Rxd1 27. Rxd1 Ne4 28. Qxe5 Rb8 29. Qxg7# 1-0

[Event "Winnipeg Tuesday Night op 7th"]
[Site "Winnipeg CAN"]
[Date "2000.07.04"]
[Round "1"]
[White "Czypinski, Jaroslaw"]
[Black "Barkman, Daniel"]
[Result "1-0"]
[WhiteElo "1972"]
[BlackElo "1632"]
[PlyCount "35"]
[GameId "2160767911703358"]
[EventDate "2000.07.04"]
[EventType "swiss (rapid)"]
[EventRounds "4"]
[EventCountry "CAN"]
[SourceTitle "EXT 2005"]
[Source "ChessBase"]
[SourceDate "2004.11.15"]
[SourceVersion "1"]
[SourceVersionDate "2004.11.15"]
[SourceQuality "1"]

1. e4 e6 2. d4 d5 3. exd5 exd5 4. Bd3 Nf6 5. Bg5 Be7 6. Nf3 Bg4 7. Nbd2 Nbd7 8. c3 c6 9. Qc2 b6 10. O-O h6 11. Bxf6 Bxf6 12. Rae1+ Be7 13. h3 Bh5 14. Ne5 Qc7 15. Nxd7 Qxd7 16. Re5 g5 17. Rfe1 Kd8 18. Bf5 1-0

[Event "Winnipeg Tuesday Night op 7th"]
[Site "Winnipeg CAN"]
[Date "2000.07.04"]
[Round "1"]
[White "Greenberg, Harley"]
[Black "Trueman, Francis"]
[Result "1-0"]
[WhiteElo "1725"]
[BlackElo "1507"]
[PlyCount "67"]
[GameId "2160767911703359"]
[EventDate "2000.07.04"]
[EventType "swiss (rapid)"]
[EventRounds "4"]
[EventCountry "CAN"]
[SourceTitle "EXT 2005"]
[Source "ChessBase"]
[SourceDate "2004.11.15"]
[SourceVersion "1"]
[SourceVersionDate "2004.11.15"]
[SourceQuality "1"]

1. d4 d5 2. c4 e6 3. g3 Nf6 4. Bg2 dxc4 5. Nc3 c6 6. Bg5 Be7 7. e3 O-O 8. Nge2 Na6 9. Qa4 b5 10. Qc2 Nb4 11. Qb1 Nd3+ 12. Kf1 Bd7 13. Nf4 Nb4 14. Bxf6 Bxf6 15. Be4 g6 16. h4 Nd5 17. h5 Nxf4 18. gxf4 Be8 19. Ke2 Bh4 20. Qg1 f5 21. hxg6 Bxg6 22. Bxc6 Rb8 23. Qh2 Bf6 24. Rag1 Qe7 25. d5 Rf7 26. dxe6 Rg7 27. Nd5 Qxe6 28. Rxg6 hxg6 29. Nxf6+ Qxf6 30. Qh8+ Kf7 31. Bd5+ Ke7 32. Qxb8 Qxb2+ 33. Kf3 Kf6 34. Qd6# 1-0

[Event "Winnipeg Tuesday Night op 7th"]
[Site "Winnipeg CAN"]
[Date "2000.07.04"]
[Round "1"]
[White "Magyar, Peter"]
[Black "Gibson, Kris"]
[Result "0-1"]
[WhiteElo "1535"]
[BlackElo "1859"]
[PlyCount "96"]
[GameId "2160767911703360"]
[EventDate "2000.07.04"]
[EventType "swiss (rapid)"]
[EventRounds "4"]
[EventCountry "CAN"]
[SourceTitle "EXT 2005"]
[Source "ChessBase"]
[SourceDate "2004.11.15"]
[SourceVersion "1"]
[SourceVersionDate "2004.11.15"]
[SourceQuality "1"]

1. e4 e5 2. Nc3 Bc5 3. Nf3 Nf6 4. Nxe5 Bd4 5. Nf3 Bxc3 6. bxc3 Nxe4 7. Bd3 O-O 8. O-O d5 9. c4 Bg4 10. cxd5 Ng5 11. Be2 Re8 12. d3 Nxf3+ 13. Bxf3 Qf6 14. Re1 Na6 15. Rb1 Rxe1+ 16. Qxe1 Bxf3 17. gxf3 Qxf3 18. Bb2 Qxd5 19. Qe5 Qxe5 20. Bxe5 Re8 21. Bxc7 Nxc7 22. Rxb7 Nd5 23. Rxa7 Nb4 24. c4 Nxd3 25. Rd7 Nf4 26. Rd1 Ne2+ 27. Kf1 Nc3 28. Rd2 g6 29. Rc2 Na4 30. c5 Rc8 31. c6 Kf8 32. Rc4 Nb6 33. Rc3 Ke7 34. Ke2 Kd6 35. Kf3 Rxc6 36. Rd3+ Nd5 37. a4 Rc3 38. Rxc3 Nxc3 39. a5 f6 40. Kg4 Ne4 41. f4 f5+ 42. Kf3 Nc5 43. Ke3 Kd5 44. h3 Kc4 45. h4 h5 46. Ke2 Kd4 47. Kf3 Kd3 48. Kf2 Ke4 0-1

[Event "Winnipeg Tuesday Night op 7th"]
[Site "Winnipeg CAN"]
[Date "2000.07.11"]
[Round "2"]
[White "Bays, Derek"]
[Black "Greenberg, Harley"]
[Result "1/2-1/2"]
[WhiteElo "1485"]
[BlackElo "1725"]
[PlyCount "78"]
[GameId "2160767911703361"]
[EventDate "2000.07.04"]
[EventType "swiss (rapid)"]
[EventRounds "4"]
[EventCountry "CAN"]
[SourceTitle "EXT 2005"]
[Source "ChessBase"]
[SourceDate "2004.11.15"]
[SourceVersion "1"]
[SourceVersionDate "2004.11.15"]
[SourceQuality "1"]

1. e4 e6 2. d4 d5 3. Nd2 c5 4. exd5 exd5 5. Ngf3 Nc6 6. dxc5 Bxc5 7. Nb3 Bb6 8. c3 Nf6 9. Be2 O-O 10. O-O Qd6 11. Nfd4 Bc7 12. g3 Bh3 13. Re1 Ne4 14. Nb5 Qf6 15. Be3 Bb8 16. Qxd5 Re8 17. Qd1 Bxg3 18. fxg3 Nxg3 19. Bg4 Bxg4 20. Qxg4 Nf5 21. Bg5 Qg6 22. h3 Ne5 23. Qg2 Qxg5 24. N3d4 Nxd4 25. Nxd4 Qxg2+ 26. Kxg2 Nd3 27. Rxe8+ Rxe8 28. b4 Re3 29. Rf1 Ne5 30. Nb5 f6 31. Nxa7 Rxc3 32. Nb5 Rc2+ 33. Rf2 Rxf2+ 34. Kxf2 Nd3+ 35. Ke3 Nxb4 36. a4 Nc6 37. Nd6 Nd8 38. a5 Kf8 39. Nxb7 Nc6 1/2-1/2

[Event "Winnipeg Tuesday Night op 7th"]
[Site "Winnipeg CAN"]
[Date "2000.07.11"]
[Round "2"]
[White "Gibson, Kris"]
[Black "Medes, Bartek"]
[Result "1/2-1/2"]
[WhiteElo "1859"]
[BlackElo "1597"]
[PlyCount "128"]
[GameId "2160767911703363"]
[EventDate "2000.07.04"]
[EventType "swiss (rapid)"]
[EventRounds "4"]
[EventCountry "CAN"]
[SourceTitle "EXT 2005"]
[Source "ChessBase"]
[SourceDate "2004.11.15"]
[SourceVersion "1"]
[SourceVersionDate "2004.11.15"]
[SourceQuality "1"]

1. e4 c5 2. b4 cxb4 3. Bb2 Nc6 4. Bc4 e6 5. a3 d5 6. exd5 exd5 7. Ba2 Nf6 8. Ne2 Bg4 9. O-O Be7 10. f3 Qb6+ 11. Kh1 Be6 12. Nf4 O-O 13. axb4 Qxb4 14. Nd3 Qh4 15. Nc3 Bd6 16. f4 Ng4 17. h3 Bf5 18. Qe1 Qxe1 19. Nxe1 Nf6 20. Nxd5 Ne4 21. Rf3 Nb4 22. d3 Nxd5 23. dxe4 Bxe4 24. Rg3 f6 25. Bxd5+ Bxd5 26. Rd3 Bxg2+ 27. Nxg2 Bc5 28. Ba3 Bxa3 29. Raxa3 a6 30. Rd7 b5 31. Rad3 Rfc8 32. Ne3 a5 33. Nf5 Rxc2 34. Rxg7+ Kh8 35. Rdd7 Rc1+ 36. Kg2 Rg8 37. Rxg8+ Kxg8 38. Rg7+ Kh8 39. Rg3 Rc2+ 40. Kf1 h5 41. Ke1 b4 42. Kd1 Rc7 43. Rd3 Rc4 44. Nd4 a4 45. f5 a3 46. Nb3 Rf4 47. Rd4 Rxf5 48. Rxb4 Rf3 49. h4 a2 50. Ra4 Rxb3 51. Rxa2 Rb4 52. Rh2 Rb3 53. Ke1 Kh7 54. Kf1 Kg6 55. Rf2 Rh3 56. Rf4 Rg3 57. Rf2 Rg4 58. Rh2 Kf5 59. Kf2 Ke4 60. Rh3 f5 61. Ra3 f4 62. Ra4+ Kf5 63. Ra5+ Kg6 64. Ra6+ Kf5 1/2-1/2

[Event "Winnipeg Tuesday Night op 7th"]
[Site "Winnipeg CAN"]
[Date "2000.07.11"]
[Round "2"]
[White "Hanrahan, Nigel"]
[Black "Trueman, Francis"]
[Result "1/2-1/2"]
[WhiteElo "1485"]
[BlackElo "1725"]
[PlyCount "59"]
[GameId "2160767911703364"]
[EventDate "2000.07.04"]
[EventType "swiss (rapid)"]
[EventRounds "4"]
[EventCountry "CAN"]
[SourceTitle "EXT 2005"]
[Source "ChessBase"]
[SourceDate "2004.11.15"]
[SourceVersion "1"]
[SourceVersionDate "2004.11.15"]
[SourceQuality "1"]

1. e4 c6 2. d4 d5 3. Nc3 dxe4 4. Nxe4 Nd7 5. Ng5 Ndf6 6. Bc4 e6 7. N1f3 h6 8. Nh3 Bd6 9. Bf4 Bxf4 10. Nxf4 Ne7 11. O-O O-O 12. Ne5 Qc7 13. Nh5 Nxh5 14. Qxh5 Qb6 15. Rad1 Qxb2 16. Bb3 b5 17. c4 a5 18. cxb5 cxb5 19. d5 g6 20. Nxg6 fxg6 21. Qxh6 a4 22. d6 Kf7 23. dxe7 Kxe7 24. Qg5+ Kf7 25. Qf4+ Kg7 26. Qc7+ Rf7 27. Qc2 Qf6 28. Bxa4 bxa4 29. a3 Ba6 30. Rfe1 1/2-1/2

[Event "Winnipeg Tuesday Night op 7th"]
[Site "Winnipeg CAN"]
[Date "2000.07.11"]
[Round "2"]
[White "Schulz, Waldemar"]
[Black "Charter, Bennet"]
[Result "1-0"]
[WhiteElo "2027"]
[BlackElo "1705"]
[PlyCount "81"]
[GameId "2160767911703365"]
[EventDate "2000.07.04"]
[EventType "swiss (rapid)"]
[EventRounds "4"]
[EventCountry "CAN"]
[SourceTitle "EXT 2005"]
[Source "ChessBase"]
[SourceDate "2004.11.15"]
[SourceVersion "1"]
[SourceVersionDate "2004.11.15"]
[SourceQuality "1"]

1. d4 d5 2. c4 c6 3. Nf3 e6 4. e3 Nf6 5. Nbd2 Bd6 6. Be2 Nbd7 7. b3 O-O 8. Bb2 Qc7 9. Rc1 Qa5 10. Qc2 h6 11. O-O Re8 12. Bc3 Bb4 13. c5 Bxc3 14. Qxc3 Qxc3 15. Rxc3 e5 16. Rfc1 a5 17. a3 exd4 18. Nxd4 Ne5 19. h3 Bd7 20. Rb1 Ne4 21. Rc2 Nxd2 22. Rxd2 Be6 23. Rc1 Nd7 24. Rb2 Nf6 25. Bd3 Ne4 26. f3 Nf6 27. Kf2 Nd7 28. Rd2 Ne5 29. Bb1 a4 30. f4 axb3 31. fxe5 Rxa3 32. Rb2 Bc8 33. Rc3 Rxe5 34. Rcxb3 Rxb3 35. Rxb3 Kf8 36. Kf3 g5 37. g4 Kg7 38. Bf5 Bxf5 39. Nxf5+ Kg6 40. Nd6 Re7 41. Rxb7 1-0

[Event "Winnipeg Tuesday Night op 7th"]
[Site "Winnipeg CAN"]
[Date "2000.07.11"]
[Round "2"]
[White "Vincent, Trevor"]
[Black "Magyar, Peter"]
[Result "1-0"]
[WhiteElo "1083"]
[BlackElo "1535"]
[PlyCount "89"]
[GameId "2160767911703366"]
[EventDate "2000.07.04"]
[EventType "swiss (rapid)"]
[EventRounds "4"]
[EventCountry "CAN"]
[SourceTitle "EXT 2005"]
[Source "ChessBase"]
[SourceDate "2004.11.15"]
[SourceVersion "1"]
[SourceVersionDate "2004.11.15"]
[SourceQuality "1"]

1. c4 Nf6 2. Nc3 e6 3. g3 c6 4. Bg2 Be7 5. d3 O-O 6. Nf3 d5 7. cxd5 cxd5 8. d4 Nc6 9. O-O Bd7 10. a3 Rc8 11. Bg5 h6 12. Bxf6 Bxf6 13. e3 Na5 14. Nd2 Qb6 15. Rb1 Bb5 16. Nxb5 Qxb5 17. b4 Nc4 18. a4 Qd7 19. b5 Nxd2 20. Qxd2 Rc4 21. a5 Rfc8 22. Rb2 Be7 23. Bf3 Ba3 24. Rb3 Rc2 25. Qd3 Be7 26. b6 a6 27. Qd1 Ra2 28. Qe1 Qa4 29. Rc3 Rc4 30. Rxc4 Qxc4 31. Qc1 Ra4 32. Bg2 Kf8 33. Qxc4 Rxc4 34. Ra1 Bb4 35. Ra4 Ke7 36. Bf1 Rc1 37. Rxb4 Ra1 38. Kg2 Rxa5 39. Rb3 Kd7 40. Rc3 Ra1 41. Rc7+ Kd8 42. Rxb7 Kc8 43. Ra7 a5 44. Ba6+ Kb8 45. Rxf7 1-0

[Event "Winnipeg Tuesday Night op 7th"]
[Site "Winnipeg CAN"]
[Date "2000.07.18"]
[Round "3"]
[White "Charter, Bennet"]
[Black "Xia, Yanchong"]
[Result "1-0"]
[WhiteElo "1705"]
[BlackElo "1713"]
[PlyCount "65"]
[GameId "2160767911703367"]
[EventDate "2000.07.04"]
[EventType "swiss (rapid)"]
[EventRounds "4"]
[EventCountry "CAN"]
[SourceTitle "EXT 2005"]
[Source "ChessBase"]
[SourceDate "2004.11.15"]
[SourceVersion "1"]
[SourceVersionDate "2004.11.15"]
[SourceQuality "1"]

1. e4 c5 2. Nf3 Nc6 3. d4 cxd4 4. Nxd4 e5 5. Nb5 d6 6. N1c3 a6 7. Na3 b5 8. Nd5 Be7 9. c3 Nf6 10. Bd3 Nxd5 11. exd5 Nb8 12. Nc2 O-O 13. O-O Nd7 14. Be3 f5 15. f4 e4 16. Be2 Nb6 17. Qd4 Na4 18. Qb4 Bb7 19. Qb3 g5 20. c4 gxf4 21. Bxf4 Bg5 22. Qg3 h6 23. Bxd6 Rf6 24. Be5 Kh7 25. h4 f4 26. Qh2 Rf5 27. hxg5 Rxe5 28. Qxh6+ Kg8 29. Rxf4 Rxg5 30. Qe6+ Kh8 31. Rh4+ Kg7 32. Qh6+ Kf7 33. Rf4+ 1-0

[Event "Winnipeg Tuesday Night op 7th"]
[Site "Winnipeg CAN"]
[Date "2000.07.18"]
[Round "3"]
[White "Czypinski, Jaroslaw"]
[Black "Schulz, Waldemar"]
[Result "1-0"]
[WhiteElo "1972"]
[BlackElo "2027"]
[PlyCount "32"]
[GameId "2160767911703368"]
[EventDate "2000.07.04"]
[EventType "swiss (rapid)"]
[EventRounds "4"]
[EventCountry "CAN"]
[SourceTitle "EXT 2005"]
[Source "ChessBase"]
[SourceDate "2004.11.15"]
[SourceVersion "1"]
[SourceVersionDate "2004.11.15"]
[SourceQuality "1"]

1. e4 g6 2. d4 Bg7 3. Nc3 d6 4. Nf3 Nf6 5. Be2 O-O 6. Be3 a6 7. Qd2 b5 8. a3 Bb7 9. h4 Nbd7 10. Bh6 Re8 11. Bxg7 Kxg7 12. h5 Rh8 13. O-O-O e5 14. hxg6 hxg6 15. Nh4 exd4 16. Nf5+ Kg8 1-0

[Event "Winnipeg Tuesday Night op 7th"]
[Site "Winnipeg CAN"]
[Date "2000.07.18"]
[Round "3"]
[White "Gibson, Kris"]
[Black "Bays, Derek"]
[Result "1-0"]
[WhiteElo "1859"]
[BlackElo "1485"]
[PlyCount "31"]
[GameId "2160767911703369"]
[EventDate "2000.07.04"]
[EventType "swiss (rapid)"]
[EventRounds "4"]
[EventCountry "CAN"]
[SourceTitle "EXT 2005"]
[Source "ChessBase"]
[SourceDate "2004.11.15"]
[SourceVersion "1"]
[SourceVersionDate "2004.11.15"]
[SourceQuality "1"]

1. e4 c6 2. Nc3 e5 3. Bc4 Qf6 4. Nf3 Bc5 5. d4 exd4 6. e5 Qf5 7. Bd3 Qe6 8. Ne4 Bb4+ 9. c3 dxc3 10. O-O d5 11. exd6 Bxd6 12. Bc4 Bxh2+ 13. Nxh2 Qe7 14. Nd6+ Kf8 15. Nxc8 Nd7 16. Nxe7 1-0

[Event "Winnipeg Tuesday Night op 7th"]
[Site "Winnipeg CAN"]
[Date "2000.07.18"]
[Round "3"]
[White "Magyar, Peter"]
[Black "Hanrahan, Nigel"]
[Result "0-1"]
[WhiteElo "1535"]
[BlackElo "1710"]
[PlyCount "86"]
[GameId "2160767911703370"]
[EventDate "2000.07.04"]
[EventType "swiss (rapid)"]
[EventRounds "4"]
[EventCountry "CAN"]
[SourceTitle "EXT 2005"]
[Source "ChessBase"]
[SourceDate "2004.11.15"]
[SourceVersion "1"]
[SourceVersionDate "2004.11.15"]
[SourceQuality "1"]

1. e4 d5 2. exd5 Nf6 3. d4 e6 4. Nf3 exd5 5. Bg5 h6 6. Bh4 Bf5 7. Bd3 Bxd3 8. Qxd3 c6 9. O-O Be7 10. Nbd2 O-O 11. Ne5 Re8 12. Ndf3 Nbd7 13. Qf5 Nf8 14. Rae1 Qc8 15. Qxc8 Raxc8 16. Bg3 g5 17. h3 Ne4 18. Re2 Nxg3 19. fxg3 Bd6 20. Rfe1 Kg7 21. g4 f6 22. Nd3 Rxe2 23. Rxe2 Kf7 24. b3 b5 25. Kf1 Nd7 26. Nb2 Re8 27. a4 Rxe2 28. Kxe2 Ba3 29. Nd3 bxa4 30. bxa4 Ke6 31. c3 a5 32. Nd2 Nb6 33. Nc5+ Bxc5 34. dxc5 Nxa4 35. c4 Nxc5 36. Ke3 a4 37. Kd4 Nb3+ 38. Nxb3 axb3 39. cxd5+ cxd5 40. Kc3 f5 41. Kxb3 fxg4 42. hxg4 Ke5 43. Kc3 Ke4 0-1

[Event "Winnipeg Tuesday Night op 7th"]
[Site "Winnipeg CAN"]
[Date "2000.07.18"]
[Round "3"]
[White "Medes, Bartek"]
[Black "Greenberg, Harley"]
[Result "1-0"]
[WhiteElo "1597"]
[BlackElo "1725"]
[PlyCount "93"]
[GameId "2160767911703371"]
[EventDate "2000.07.04"]
[EventType "swiss (rapid)"]
[EventRounds "4"]
[EventCountry "CAN"]
[SourceTitle "EXT 2005"]
[Source "ChessBase"]
[SourceDate "2004.11.15"]
[SourceVersion "1"]
[SourceVersionDate "2004.11.15"]
[SourceQuality "1"]

1. d4 Nf6 2. c4 c5 3. d5 e6 4. Nc3 exd5 5. cxd5 d6 6. e4 g6 7. f4 Bg7 8. Nf3 O-O 9. Bd3 Re8 10. O-O Qb6 11. Kh1 c4 12. Bb1 Nxe4 13. Nxe4 Bxb2 14. Bxb2 Qxb2 15. Qd4 c3 16. Qxc3 Qxc3 17. Nxc3 f5 18. Nb5 Re7 19. Nxd6 Bd7 20. Ne5 Na6 21. Bc2 Nc5 22. Bb3 Kf8 23. Rac1 b6 24. Rfe1 a5 25. Nc6 Rxe1+ 26. Rxe1 Nd3 27. Re3 a4 28. Rxd3 axb3 29. Rxb3 Rxa2 30. h3 Rd2 31. Ne5 Rxd5 32. Nxd7+ Ke7 33. Nxf5+ Rxf5 34. Nxb6 Kd6 35. Rf3 Kc5 36. Na4+ Kd4 37. Kh2 Ke4 38. Nc3+ Kd4 39. Kg3 Rc5 40. Ne2+ Ke4 41. Ra3 Kf5 42. Ra7 h5 43. Rf7+ Ke6 44. Rf8 Ke7 45. Rb8 g5 46. fxg5 Rxg5+ 47. Kf3 1-0